[Event "23rd EUR-ch"]
[Site "Vrnjacka Banja SRB"]
[Date "2023.03.06"]
[Round "4.43"]
[White "Stalmach, Richard"]
[Black "Esipenko, Andrei"]
[Result "0-1"]
[WhiteElo "2436"]
[BlackElo "2680"]
[EventDate "2023.03.03"]
[PlyCount "84"]

1.d4 Nf6 2.c4 e6 3.Nc3 d5 4.cxd5 exd5 5.Bg5 c6 6.e3 h6 7.Bh4 Be7 8.Bd3 O-O
9.Qc2 Ne8 10.Bg3 Nd6 11.Nge2 Re8 12.O-O Bf8 13.Rad1 a5 14.e4 dxe4 15.Nxe4 
Na6 16.a3 Nc7 17.N2c3 Bg4 18.Rd2 Ndb5 19.Nxb5 Nxb5 20.d5 Nd4 21.Qc3 Qxd5 
22.Nd6 Bxd6 23.Bh7+ Kxh7 24.Rxd4 Qc5 25.Bxd6 Qxc3 26.bxc3 Bf5 27.Rfd1 Bc2 
28.Rc1 Re2 29.Bf4 Rae8 30.f3 Bb3 31.Bd2 b5 32.Rf1 Bc4 33.Rd1 R8e6 34.g3 
Rf6 35.f4 Bd5 36.c4 bxc4 37.Bxa5 Rg2+ 38.Kf1 Rxh2 39.R4d2 Rh3 40.Kf2 Rg6 
41.Rg1 h5 42.Bb4 h4 0-1

[Event "23rd EUR-ch"]
[Site "Vrnjacka Banja SRB"]
[Date "2023.03.06"]
[Round "4.44"]
[White "Baum, Jonasz"]
[Black "Ivanchuk, Vasyl"]
[Result "1/2-1/2"]
[WhiteElo "2426"]
[BlackElo "2664"]
[EventDate "2023.03.03"]
[PlyCount "54"]

1.e4 e5 2.Nf3 Nc6 3.Bb5 Nf6 4.O-O Nxe4 5.Re1 Nd6 6.Nxe5 Be7 7.Bf1 Nf5 8.c3
Nxe5 9.Rxe5 d6 10.Re1 O-O 11.d4 d5 12.Bf4 Bd6 13.Qf3 Nh4 14.Qg3 Nf5 15.Qf3
Bxf4 16.Qxf4 Qd6 17.Qxd6 Nxd6 18.Nd2 Bd7 19.Bd3 Rfe8 20.Kf1 f6 21.Rxe8+ 
Rxe8 22.Re1 Rxe1+ 23.Kxe1 Kf7 24.Ke2 a5 25.Nf1 Bf5 26.Ne3 Bxd3+ 27.Kxd3 
Ke6 1/2-1/2

[Event "23rd EUR-ch"]
[Site "Vrnjacka Banja SRB"]
[Date "2023.03.06"]
[Round "4.45"]
[White "Donchenko, Alexander"]
[Black "Badelka, Olga"]
[Result "1/2-1/2"]
[WhiteElo "2653"]
[BlackElo "2428"]
[EventDate "2023.03.03"]
[PlyCount "103"]

1.d4 Nf6 2.c4 e6 3.Nf3 d5 4.Nc3 Nbd7 5.cxd5 exd5 6.Bg5 h6 7.Bh4 Be7 8.e3 
O-O 9.Qc2 Re8 10.Bd3 c6 11.O-O Ne4 12.Bxe4 Bxh4 13.Bh7+ Kh8 14.Nxh4 Qxh4 
15.Bd3 Qe7 16.Rab1 Nf6 17.b4 Bd7 18.Rfc1 Rac8 19.Qd1 Qd6 20.Qf3 Kg8 21.Qg3
Qxg3 22.hxg3 Kf8 23.Kf1 Ke7 24.f3 Kd8 25.Kf2 Rc7 26.Rc2 Bc8 27.Na4 Ree7 
28.Nc3 Ne8 29.b5 Nf6 30.Rcb2 c5 31.dxc5 Rxc5 32.Ne2 Nd7 33.Rd1 Nb6 34.Rb3 
Kc7 35.Rb4 Be6 36.a4 Nc4 37.Nd4 Na5 38.Ke2 b6 39.Kd2 Kd6 40.Ne2 Rec7 41.g4
Ke7 42.Ra1 Kd6 43.Ra3 Ke7 44.Rd4 Bc8 45.Nc3 Bb7 46.Ne2 Bc8 47.Rb4 Kd6 48.
Rc3 Be6 49.Ra3 Bc8 50.Ra1 Be6 51.Rh1 Ke7 52.Ra1 1/2-1/2

[Event "23rd EUR-ch"]
[Site "Vrnjacka Banja SRB"]
[Date "2023.03.06"]
[Round "4.46"]
[White "Rakhmanov, Alexander"]
[Black "Fataliyeva, Ulviyya"]
[Result "1-0"]
[WhiteElo "2635"]
[BlackElo "2427"]
[EventDate "2023.03.03"]
[PlyCount "75"]

1.d4 e6 2.c4 Nf6 3.Nc3 Bb4 4.e3 O-O 5.Bd2 c5 6.a3 Bxc3 7.Bxc3 Ne4 8.Ne2 b6
9.d5 Ba6 10.Qd3 exd5 11.Qxd5 Qe7 12.b3 Nc6 13.Bb2 Rfe8 14.Ng3 Nxf2 15.Nf5 
Qe4 16.Qxe4 Nxe4 17.Nxg7 Re7 18.Nf5 Re6 19.Bd3 Nd6 20.Nxd6 Rxd6 21.Rd1 Re6
22.O-O Ne7 23.Rf3 Re8 24.Rdf1 f5 25.e4 f4 26.Rxf4 Ng6 27.Rg4 Rf8 28.Rf5 
Rf7 29.h4 Rd6 30.Rg3 Kf8 31.Rxf7+ Kxf7 32.e5 Re6 33.Bf5 Re7 34.h5 Nf4 35.
Rf3 Ne2+ 36.Kf2 Nd4 37.Bxd4 cxd4 38.Bxd7+ 1-0

[Event "23rd EUR-ch"]
[Site "Vrnjacka Banja SRB"]
[Date "2023.03.06"]
[Round "4.47"]
[White "Kalogeris, Ioannis"]
[Black "Petrosian, Manuel"]
[Result "0-1"]
[WhiteElo "2409"]
[BlackElo "2634"]
[EventDate "2023.03.03"]
[PlyCount "80"]

1.e4 e5 2.Nf3 Nc6 3.Bb5 a6 4.Ba4 Nf6 5.O-O Be7 6.Bxc6 dxc6 7.d3 Nd7 8.Nbd2
f6 9.Nc4 Nc5 10.Nh4 g6 11.b4 Ne6 12.Rb1 O-O 13.Nf3 c5 14.a3 b5 15.Na5 Qd7 
16.Qe2 cxb4 17.axb4 c5 18.c3 Rd8 19.Rd1 Qc7 20.Qa2 c4 21.d4 exd4 22.cxd4 
Nf4 23.h3 Re8 24.Bd2 Bf8 25.Re1 Bg7 26.d5 Nd3 27.Re3 f5 28.Rxd3 cxd3 29.
Rc1 Qd6 30.Rc6 Qf8 31.Rc7 fxe4 32.Ng5 Qd6 33.Rc6 Qe5 34.Rxc8 Rexc8 35.d6+ 
Rc4 36.Nxc4 Qd5 37.Qa5 Qxc4 38.d7 Qd5 39.Qc7 Rf8 40.Bc3 Bxc3 0-1

[Event "23rd EUR-ch"]
[Site "Vrnjacka Banja SRB"]
[Date "2023.03.06"]
[Round "4.48"]
[White "Han, Yichen"]
[Black "Sargsian, Shant"]
[Result "0-1"]
[WhiteElo "2405"]
[BlackElo "2630"]
[EventDate "2023.03.03"]
[PlyCount "68"]

1.d4 Nf6 2.c4 g6 3.Nc3 Bg7 4.e4 d6 5.Nf3 O-O 6.Be2 Na6 7.O-O e5 8.Be3 Qe7 
9.c5 exd4 10.cxd6 cxd6 11.Bxd4 Nc5 12.Re1 Rd8 13.Bc4 Be6 14.Bd5 Bxd5 15.
Nxd5 Nxd5 16.Bxg7 Kxg7 17.Qxd5 Ne6 18.Rac1 Rac8 19.Qd2 Qf6 20.Rxc8 Rxc8 
21.Rc1 Rc5 22.Kf1 b5 23.Rd1 Rc4 24.b3 Rxe4 25.Qxd6 g5 26.Re1 Rxe1+ 27.Nxe1
Qb2 28.g3 h6 29.Kg2 Qf6 30.Qd5 a6 31.Nf3 g4 32.Nh4 Qxh4 33.Qd6 Qf6 34.Kg1 
Ng5 0-1

[Event "23rd EUR-ch"]
[Site "Vrnjacka Banja SRB"]
[Date "2023.03.06"]
[Round "4.49"]
[White "Pap, Misa"]
[Black "Vocaturo, Daniele"]
[Result "0-1"]
[WhiteElo "2403"]
[BlackElo "2619"]
[EventDate "2023.03.03"]
[PlyCount "80"]

1.e4 e5 2.Nf3 Nc6 3.Bc4 Nf6 4.d4 exd4 5.e5 d5 6.Bb5 Nd7 7.O-O Be7 8.Bxc6 
bxc6 9.Nxd4 Nb8 10.Nc3 O-O 11.Qf3 a5 12.Bf4 Ra6 13.Rad1 c5 14.Nde2 d4 15.
Nd5 Bh4 16.c3 Be6 17.Ne3 Nc6 18.Bg3 Bg5 19.Bf4 Bxa2 20.Qg4 Bxf4 21.Qxf4 
Qe7 22.cxd4 cxd4 23.Nxd4 Qxe5 24.Qxe5 Nxe5 25.Ra1 c5 26.Nb5 Bb3 27.Rfc1 c4
28.Nc7 Ra7 29.Nb5 Raa8 30.Nd6 Nd3 31.Rcb1 f5 32.Nexc4 a4 33.Na3 Rad8 34.
Ndb5 Rfe8 35.Nc3 Kf7 36.Nab5 Re5 37.Na3 g5 38.Kf1 Kf6 39.g3 g4 40.Nd1 Re1+
0-1

[Event "23rd EUR-ch"]
[Site "Vrnjacka Banja SRB"]
[Date "2023.03.06"]
[Round "4.50"]
[White "Kuzubov, Yuriy"]
[Black "Akbas, Umut Ata"]
[Result "1-0"]
[WhiteElo "2616"]
[BlackElo "2419"]
[EventDate "2023.03.03"]
[PlyCount "51"]

1.d4 Nf6 2.c4 e6 3.Nc3 Bb4 4.Qc2 O-O 5.a3 Bxc3+ 6.Qxc3 d5 7.Nf3 dxc4 8.
Qxc4 b6 9.Bg5 Ba6 10.Qc2 Nbd7 11.e4 Bxf1 12.Rxf1 Qc8 13.Qc6 Qa6 14.O-O-O 
Rac8 15.Kb1 Nb8 16.Qc2 Nfd7 17.d5 exd5 18.exd5 Rfe8 19.Nd4 Re5 20.Nf5 Rce8
21.g4 Nc5 22.f4 Rxf5 23.Rfe1 Rxe1 24.Rxe1 f6 25.Qxf5 Nbd7 26.d6 1-0

[Event "23rd EUR-ch"]
[Site "Vrnjacka Banja SRB"]
[Date "2023.03.06"]
[Round "4.51"]
[White "Bjerre, Jonas Buhl"]
[Black "Kochavi, Ori"]
[Result "1/2-1/2"]
[WhiteElo "2608"]
[BlackElo "2417"]
[EventDate "2023.03.03"]
[PlyCount "82"]

1.e4 c6 2.Nf3 d5 3.Nc3 Bg4 4.h3 Bxf3 5.Qxf3 e6 6.g3 Nf6 7.Bg2 Nbd7 8.Qe2 
dxe4 9.Nxe4 Nxe4 10.Qxe4 Nf6 11.Qe2 Be7 12.O-O O-O 13.Rd1 Qb6 14.d4 Rfd8 
15.c3 a5 16.Qc2 a4 17.Rb1 Ra7 18.c4 Qa6 19.Be3 Raa8 20.Qc3 Rac8 21.b4 b5 
22.Rdc1 Ne8 23.Rc2 Nd6 24.Bf1 Bf6 25.Rbc1 h6 26.g4 bxc4 27.Bxc4 Qb7 28.Bf1
Nb5 29.Bxb5 Qxb5 30.Qc4 Qb7 31.a3 Rd5 32.Rd2 Qd7 33.Qa6 h5 34.Rc4 hxg4 35.
hxg4 e5 36.dxe5 Rxd2 37.Bxd2 Bxe5 38.Re4 Rd8 39.Bg5 Qd1+ 40.Kg2 Qd5 41.Qc4
f6 1/2-1/2

[Event "23rd EUR-ch"]
[Site "Vrnjacka Banja SRB"]
[Date "2023.03.06"]
[Round "4.53"]
[White "Hovhannisian, Robert"]
[Black "Baenziger, Fabian"]
[Result "1/2-1/2"]
[WhiteElo "2597"]
[BlackElo "2413"]
[EventDate "2023.03.03"]
[PlyCount "65"]

1.e4 e5 2.Nf3 Nc6 3.Bb5 a6 4.Ba4 Nf6 5.O-O Be7 6.Nc3 b5 7.Bb3 d6 8.a4 b4 
9.Nd5 Na5 10.Nxe7 Qxe7 11.d4 O-O 12.Bg5 Bb7 13.Re1 h6 14.Bh4 Rfd8 15.Re3 
c5 16.d5 Bc8 17.h3 Kh7 18.Nd2 g5 19.Bg3 Kg6 20.Ba2 Nh5 21.c4 Nf4 22.Bb1 
Rg8 23.b3 h5 24.Nf1 Kh6 25.f3 h4 26.Bh2 Bd7 27.Re1 Nb7 28.Ne3 Nd8 29.Kf2 
f6 30.Rh1 Kg7 31.Qd2 Nf7 32.Bc2 Rh8 33.Raf1 1/2-1/2

[Event "23rd EUR-ch"]
[Site "Vrnjacka Banja SRB"]
[Date "2023.03.06"]
[Round "4.54"]
[White "Antic, Dejan"]
[Black "Lupulescu, Constantin"]
[Result "0-1"]
[WhiteElo "2388"]
[BlackElo "2580"]
[EventDate "2023.03.03"]
[PlyCount "86"]

1.d4 Nf6 2.c4 e6 3.Nf3 d5 4.g3 Bb4+ 5.Bd2 Bd6 6.Nc3 O-O 7.Bg2 dxc4 8.e4 
Be7 9.Qe2 a6 10.Bg5 b5 11.Bxf6 Bxf6 12.e5 Be7 13.O-O-O Bb7 14.d5 exd5 15.
Nd4 b4 16.Nxd5 Bxd5 17.Nf5 c6 18.Ne3 Ra7 19.Nxd5 cxd5 20.Bxd5 Qc7 21.e6 
fxe6 22.Qxe6+ Kh8 23.Bxc4 Qc8 24.f4 Rc7 25.Qxc8 Rfxc8 26.b3 Nd7 27.Kb1 Nc5
28.Rhe1 g6 29.h4 Kg7 30.Rd5 Bf6 31.Red1 a5 32.h5 a4 33.g4 Ne4 34.Rd7+ Kf8 
35.Kc2 Be7 36.hxg6 hxg6 37.Rxc7 Rxc7 38.Rd4 Nc3 39.bxa4 Bf6 40.Rd6 Ne4 41.
Rb6 Rxc4+ 42.Kd3 Rd4+ 43.Ke3 Nd6 0-1

[Event "23rd EUR-ch"]
[Site "Vrnjacka Banja SRB"]
[Date "2023.03.06"]
[Round "4.55"]
[White "Grigoriants, Sergey"]
[Black "Tekeev, Zaur"]
[Result "1/2-1/2"]
[WhiteElo "2572"]
[BlackElo "2415"]
[EventDate "2023.03.03"]
[PlyCount "162"]

1.e4 c5 2.Nf3 Nc6 3.Nc3 e5 4.Bc4 Be7 5.d3 d6 6.Nd2 Nf6 7.Nf1 Bg4 8.f3 Be6 
9.Ne3 O-O 10.O-O a6 11.a4 Nb4 12.Bd2 d5 13.exd5 Nfxd5 14.Nexd5 Nxd5 15.
Nxd5 Bxd5 16.Bc3 f6 17.Qe2 Rf7 18.a5 Qd7 19.b3 Bf8 20.Rae1 Qc6 21.h4 Bd6 
22.h5 Rd8 23.Qf2 h6 24.Qh4 Bc7 25.Re2 Kf8 26.Rfe1 Bxc4 27.bxc4 Qa4 28.Ra1 
Qd7 29.Rb1 Bb8 30.Qe4 Kg8 31.Qg6 Qa4 32.Ra1 Qc6 33.Rae1 Bd6 34.Qf5 Qd7 35.
Qg6 Rb8 36.Qe4 b6 37.axb6 Rxb6 38.Ra1 Qb7 39.Ree1 Qxe4 40.fxe4 Rfb7 41.Kf2
Kf7 42.Kf3 Ke6 43.Kg4 Rf7 44.Rf1 Rf8 45.Ra5 Rc8 46.Rfa1 Rcc6 47.R5a2 Be7 
48.Bd2 Bf8 49.Be3 Be7 50.Kf3 Bf8 51.Ke2 Be7 52.Ra5 Bf8 53.R1a3 Be7 54.Rb3 
Rxb3 55.cxb3 Kd6 56.Kd2 Bd8 57.Ra1 Kc7 58.Kc3 Be7 59.Ra5 Kc8 60.Kb2 Bd6 
61.g4 Kb7 62.Bf2 Kc8 63.Kc2 Kb7 64.Kc3 Kc8 65.Bg1 Kb7 66.Kc2 Kc8 67.Be3 
Be7 68.Bc1 Kb7 69.Be3 Kc8 70.Kb2 Kb7 71.Kc3 Bd6 72.Ra4 Be7 73.Kc2 Bd6 74.
Bd2 Rb6 75.Ra5 Be7 76.Be3 Rc6 77.Bg1 Kc8 78.Kb2 Bd6 79.Bf2 Be7 80.Be3 Bd6 
81.Kc2 Be7 1/2-1/2

[Event "23rd EUR-ch"]
[Site "Vrnjacka Banja SRB"]
[Date "2023.03.06"]
[Round "4.56"]
[White "Bethke, Richard"]
[Black "Nesterov, Arseny"]
[Result "1/2-1/2"]
[WhiteElo "2383"]
[BlackElo "2568"]
[EventDate "2023.03.03"]
[PlyCount "88"]

1.e4 e6 2.d4 d5 3.Nd2 c5 4.exd5 exd5 5.Ngf3 Nc6 6.Bb5 Qe7+ 7.Be2 Qc7 8.O-O
Nf6 9.Re1 Be6 10.Bd3 O-O-O 11.dxc5 Bxc5 12.Nb3 Bb6 13.Be3 Bg4 14.Bxb6 Qxb6
15.h3 Bh5 16.Bf5+ Kb8 17.Qd2 Bxf3 18.Qf4+ Qc7 19.Qxf3 Rhe8 20.Qc3 Ne5 21.
Qd4 Nc6 22.Qc3 Ne7 23.Qxc7+ Kxc7 24.Nd4 Nc6 25.Nf3 h6 26.Rad1 a6 27.Kf1 b5
28.Bd3 Kb6 29.c3 Rxe1+ 30.Rxe1 d4 31.cxd4 Nxd4 32.Ne5 Nc6 33.Nxc6 Kxc6 34.
Bc2 a5 35.a4 Kb6 36.Re5 bxa4 37.Bxa4 Rd4 38.b3 Nd5 39.g3 Kc5 40.Re8 Nb6 
41.Re5+ Rd5 42.Re7 Nxa4 43.bxa4 Rf5 44.Rb7 Kc6 1/2-1/2

[Event "23rd EUR-ch"]
[Site "Vrnjacka Banja SRB"]
[Date "2023.03.06"]
[Round "4.57"]
[White "Teclaf, Pawel"]
[Black "Radovanovic, Nikola"]
[Result "1-0"]
[WhiteElo "2568"]
[BlackElo "2407"]
[EventDate "2023.03.03"]
[PlyCount "71"]

1.e4 c5 2.Nf3 d6 3.d4 cxd4 4.Nxd4 Nf6 5.Nc3 Nc6 6.Be2 g6 7.Be3 Bg7 8.Qd2 
Ng4 9.Bxg4 Bxg4 10.f3 Bd7 11.O-O-O h5 12.Kb1 Ne5 13.b3 Rc8 14.Nd5 e6 15.
Nc3 a6 16.Nde2 Rc6 17.h3 f6 18.f4 Nf7 19.Nd4 Rc8 20.f5 Qa5 21.fxe6 Qxc3 
22.Qf2 Ne5 23.exd7+ Kxd7 24.Bc1 Rhe8 25.Bb2 Qc5 26.g4 Rh8 27.Qg2 h4 28.
Rhf1 Rce8 29.Nf3 Kc8 30.Nxe5 fxe5 31.Rf7 Bf8 32.Rd5 Qc6 33.Rf6 Rg8 34.Bxe5
Rxe5 35.Rxe5 Bg7 36.Rxg6 1-0

[Event "23rd EUR-ch"]
[Site "Vrnjacka Banja SRB"]
[Date "2023.03.06"]
[Round "4.58"]
[White "Makarian, Rudik"]
[Black "Czerw, Dawid"]
[Result "1-0"]
[WhiteElo "2557"]
[BlackElo "2404"]
[EventDate "2023.03.03"]
[PlyCount "81"]

1.d4 Nf6 2.c4 e6 3.Nf3 d5 4.Nc3 c6 5.Bg5 dxc4 6.e4 b5 7.e5 h6 8.Bh4 g5 9.
Nxg5 hxg5 10.Bxg5 Be7 11.exf6 Bxf6 12.Bxf6 Qxf6 13.h4 Bb7 14.a4 Nd7 15.
axb5 c5 16.dxc5 Nxc5 17.Qd6 Rh5 18.O-O-O Rc8 19.Kb1 Rxh4 20.Rxh4 Qxh4 21.
Ka2 Qe7 22.Qe5 Nd7 23.Qh8+ Nf8 24.Qd4 Qc7 25.f3 e5 26.Re1 f6 27.Qh4 Qf7 
28.f4 Ng6 29.Qf2 Kf8 30.g3 Kg7 31.Bh3 Rd8 32.Bf5 Ne7 33.g4 Nxf5 34.gxf5 
exf4 35.Qxf4 Kf8 36.Re6 Kg7 37.Qg3+ Kf8 38.Qe3 Qg7 39.Qc5+ Kg8 40.Re7 Qg2 
41.Qc7 1-0

[Event "23rd EUR-ch"]
[Site "Vrnjacka Banja SRB"]
[Date "2023.03.06"]
[Round "4.59"]
[White "Garrido Outon, Alex"]
[Black "Lobanov, Sergei"]
[Result "0-1"]
[WhiteElo "2380"]
[BlackElo "2545"]
[EventDate "2023.03.03"]
[PlyCount "92"]

1.e4 c5 2.Nf3 Nc6 3.d4 cxd4 4.Nxd4 e5 5.Nb5 d6 6.N1c3 a6 7.Na3 Be6 8.Nc4 
Rb8 9.Nd5 Bxd5 10.exd5 Nce7 11.g4 Nf6 12.Bg2 b5 13.Ne3 g6 14.Qf3 Bg7 15.h4
h5 16.Bd2 hxg4 17.Nxg4 Nh5 18.O-O-O a5 19.Qa3 b4 20.Qa4+ Qd7 21.Qxd7+ Kxd7
22.Kb1 a4 23.Ne3 Nf4 24.Bf3 f5 25.Nc4 Bh6 26.Bxf4 Bxf4 27.Na5 Kc7 28.Be2 
Kb6 29.Nc6 Nxc6 30.dxc6 Kxc6 31.Bc4 Rh6 32.Rhg1 Rf8 33.Bd5+ Kc5 34.c3 bxc3
35.bxc3 e4 36.Rh1 Rfh8 37.Bf7 R8h7 38.Be6 Rxh4 39.Rxh4 Rxh4 40.Rg1 Rh6 41.
Rg2 d5 42.Kb2 Kd6 43.Bf7 g5 44.Be8 Rh2 45.Rxh2 Bxh2 46.Bxa4 Bg1 0-1

[Event "23rd EUR-ch"]
[Site "Vrnjacka Banja SRB"]
[Date "2023.03.06"]
[Round "4.60"]
[White "Stremavicius, Titas"]
[Black "Peyrer, Konstantin"]
[Result "1/2-1/2"]
[WhiteElo "2544"]
[BlackElo "2395"]
[EventDate "2023.03.03"]
[PlyCount "79"]

1.d4 Nf6 2.Nf3 d5 3.c4 e6 4.Nc3 a6 5.c5 b6 6.cxb6 cxb6 7.Bf4 Bd6 8.Bg3 O-O
9.e3 Nc6 10.Ne5 Bb7 11.Rc1 Rc8 12.Bd3 Bxe5 13.dxe5 Nd7 14.f4 Nc5 15.Bb1 d4
16.exd4 Qxd4 17.Qxd4 Nxd4 18.Kf2 Nb5 19.Nxb5 axb5 20.Bh4 Bd5 21.Be7 Rfe8 
22.Bxc5 bxc5 23.a3 Red8 24.Rhd1 Kf8 25.Ke3 Ke7 26.Bd3 c4 27.Be4 Bxe4 28.
Kxe4 Rxd1 29.Rxd1 Rc5 30.g4 c3 31.b4 Rc4+ 32.Ke3 f6 33.Rc1 g5 34.fxg5 fxe5
35.Kd3 Rxg4 36.Rxc3 Rxg5 37.Rc7+ Kd6 38.Rxh7 Rg2 39.Kc3 e4 40.Kd4 1/2-1/2

[Event "23rd EUR-ch"]
[Site "Vrnjacka Banja SRB"]
[Date "2023.03.06"]
[Round "4.61"]
[White "Leisch, Lukas"]
[Black "Maurizzi, Marc`Andria"]
[Result "1/2-1/2"]
[WhiteElo "2378"]
[BlackElo "2535"]
[EventDate "2023.03.03"]
[PlyCount "114"]

1.c4 c5 2.g3 Nf6 3.Bg2 Nc6 4.Nc3 e6 5.Nf3 d5 6.cxd5 exd5 7.d4 cxd4 8.Nxd4 
Bc5 9.Nb3 Bb6 10.O-O d4 11.Na4 O-O 12.Bg5 Re8 13.Re1 h6 14.Bxf6 Qxf6 15.
Nxb6 axb6 16.Bxc6 bxc6 17.Qxd4 Qd8 18.Qxd8 Rxd8 19.Rad1 Rxd1 20.Rxd1 Be6 
21.Nc1 Bxa2 22.Nxa2 Rxa2 23.Rd6 Ra1+ 24.Kg2 Rc1 25.Kf3 Kf8 26.Ke3 Ke7 27.
Rd4 c5 28.Re4+ Kd6 29.Kd2 Rf1 30.Rf4 Ke6 31.h4 b5 32.Re4+ Kd6 33.Rf4 Ke6 
34.Re4+ Kd5 35.Rf4 f6 36.f3 Ra1 37.h5 b4 38.Re4 Ra7 39.Kd3 Ra2 40.Kc2 Ra7 
41.Kd3 Rd7 42.b3 Ra7 43.Kc2 Kc6 44.g4 Kb5 45.Re8 Rb7 46.Kd3 Rd7+ 47.Kc2 
Kc6 48.Re6+ Kd5 49.Re4 Ra7 50.Re8 Ra2+ 51.Kb1 Ra7 52.Kc2 Kc6 53.Re4 Rf7 
54.Re6+ Kb5 55.Re4 Ra7 56.Re8 Ra2+ 57.Kb1 Ra7 1/2-1/2

[Event "23rd EUR-ch"]
[Site "Vrnjacka Banja SRB"]
[Date "2023.03.06"]
[Round "4.62"]
[White "Dvirnyy, Danyyil"]
[Black "Pacher, Milan"]
[Result "1-0"]
[WhiteElo "2531"]
[BlackElo "2392"]
[EventDate "2023.03.03"]
[PlyCount "83"]

1.e4 e5 2.Nf3 Nc6 3.Bb5 a6 4.Ba4 Nf6 5.O-O Nxe4 6.d4 Be7 7.Re1 b5 8.Rxe4 
d5 9.Nxe5 Nxe5 10.Rxe5 bxa4 11.Qe2 Be6 12.f4 g6 13.Nc3 Bf6 14.Nxa4 Bxe5 
15.fxe5 Qh4 16.Be3 O-O 17.Nc5 a5 18.Qd2 a4 19.Rf1 Rfb8 20.b4 axb3 21.cxb3 
Ra3 22.Bg5 Rxa2 23.Qxa2 Qxg5 24.Qf2 Bf5 25.Ra1 h5 26.h4 Qg4 27.Kh2 Rb6 28.
Ra7 Rb4 29.Ra4 Rb8 30.Qg3 Qxg3+ 31.Kxg3 Bc2 32.Ra2 Bb1 33.Ra1 Be4 34.Ra7 
Rb4 35.Ra4 Rb8 36.Kf2 Bc2 37.Ra2 Bf5 38.Ra7 Rc8 39.Ke3 Kf8 40.Na6 c6 41.
Kf4 Kg7 42.Nc5 1-0

[Event "23rd EUR-ch"]
[Site "Vrnjacka Banja SRB"]
[Date "2023.03.06"]
[Round "4.63"]
[White "Guliev, Namig"]
[Black "Kanov, Nikola"]
[Result "1-0"]
[WhiteElo "2528"]
[BlackElo "2392"]
[EventDate "2023.03.03"]
[PlyCount "77"]

1.e4 e5 2.Nf3 Nc6 3.Bb5 a6 4.Ba4 Nf6 5.O-O b5 6.Bb3 Bc5 7.c3 d6 8.d4 Bb6 
9.Re1 O-O 10.Bg5 h6 11.Bh4 g5 12.Nxg5 hxg5 13.Bxg5 Kg7 14.Re3 Ne7 15.Rg3 
Ng6 16.h4 Bb7 17.h5 Bxe4 18.Nd2 Bb7 19.Bc2 exd4 20.hxg6 d3 21.Bxd3 fxg6 
22.Bh6+ Kh8 23.Bxf8 Qxf8 24.Nf3 Nh5 25.Rxg6 Nf4 26.Rg4 Nh3+ 27.gxh3 Bxf3 
28.Rh4+ Kg8 29.Bh7+ Kg7 30.Qd2 Qf6 31.Rf4 Qe5 32.Rxf3 Kxh7 33.Re1 Rg8+ 34.
Kf1 Qg7 35.Rg3 Qd7 36.Qd3+ Kh8 37.Re4 Qd8 38.Rxg8+ Kxg8 39.Qg3+ 1-0

[Event "23rd EUR-ch"]
[Site "Vrnjacka Banja SRB"]
[Date "2023.03.06"]
[Round "4.64"]
[White "Aizenberg, Benny"]
[Black "Janik, Igor"]
[Result "0-1"]
[WhiteElo "2367"]
[BlackElo "2527"]
[EventDate "2023.03.03"]
[PlyCount "106"]

1.e4 c6 2.Nf3 d5 3.Nc3 Bg4 4.h3 Bxf3 5.Qxf3 e6 6.Be2 Nf6 7.O-O Be7 8.d4 
O-O 9.Be3 Nbd7 10.e5 Ne8 11.Nd1 f6 12.Qg3 fxe5 13.dxe5 Bh4 14.Qh2 g6 15.f4
Be7 16.g4 Bc5 17.Bxc5 Nxc5 18.Qf2 Qb6 19.Kh2 Ng7 20.Qd4 Rf7 21.Ne3 Raf8 
22.g5 Kh8 23.Ng4 Nf5 24.Qf2 d4 25.b3 Ne4 26.Qg2 Nd2 27.Rfd1 Ne3 28.Qg1 
Nxd1 29.Rxd1 Ne4 30.Nf6 Nc3 31.Rd2 Nxe2 32.Rxe2 Rd8 33.Qg4 d3 34.cxd3 Qd4 
35.Qxe6 Qxf4+ 36.Kg2 Qxg5+ 37.Kh2 Qf4+ 38.Kg2 Rxd3 39.Qg4 Qxg4+ 40.hxg4 h6
41.Re1 Re7 42.g5 hxg5 43.Rh1+ Kg7 44.Rh7+ Kf8 45.Rh8+ Kf7 46.Ng4 Kg7 47.
Rb8 Rd2+ 48.Kf3 Rxa2 49.Ke4 Rg2 50.e6 Rxg4+ 51.Ke5 Rb4 52.Kd6 Rxe6+ 53.
Kxe6 Rxb3 0-1

[Event "23rd EUR-ch"]
[Site "Vrnjacka Banja SRB"]
[Date "2023.03.06"]
[Round "4.65"]
[White "Gavrilescu, David"]
[Black "Arsovic, Goran"]
[Result "1-0"]
[WhiteElo "2527"]
[BlackElo "2379"]
[EventDate "2023.03.03"]
[PlyCount "63"]

1.e4 c5 2.Nf3 d6 3.d4 cxd4 4.Qxd4 Nf6 5.Be2 Nc6 6.Qe3 g6 7.O-O Bg7 8.h3 
O-O 9.Rd1 Be6 10.Nc3 Qc7 11.Qf4 Qa5 12.Ng5 h6 13.Nxe6 fxe6 14.Qh4 g5 15.
Qg3 Ne5 16.Rb1 Rac8 17.Bd2 Ng6 18.Qe3 a6 19.a4 Qe5 20.Bd3 g4 21.Rf1 Qh5 
22.Qg3 gxh3 23.Be2 Rxc3 24.Bxc3 Qxe2 25.Qxg6 hxg2 26.Rfe1 Qxc2 27.Rbc1 
Qxa4 28.Bxf6 Rxf6 29.Rc8+ Rf8 30.Qxe6+ Kh8 31.Rxf8+ Bxf8 32.Qc8 1-0

[Event "23rd EUR-ch"]
[Site "Vrnjacka Banja SRB"]
[Date "2023.03.06"]
[Round "4.66"]
[White "Baglan, Esat"]
[Black "Petkov, Momchil"]
[Result "1/2-1/2"]
[WhiteElo "2363"]
[BlackElo "2526"]
[EventDate "2023.03.03"]
[PlyCount "105"]

1.e4 c5 2.Nf3 Nc6 3.Bb5 e6 4.O-O Nge7 5.Re1 a6 6.Bf1 d5 7.exd5 Nxd5 8.d4 
Nf6 9.Be3 cxd4 10.Nxd4 Ne5 11.h3 Be7 12.c4 O-O 13.Nc3 Bd7 14.Nf3 Ng6 15.
Qb3 Qc7 16.Rad1 Rac8 17.Bb6 Qb8 18.Bd4 Bc6 19.Ne5 Nxe5 20.Bxe5 Qa7 21.Bd4 
Bc5 22.Ne2 e5 23.Bxc5 Qxc5 24.Ng3 e4 25.Qe3 Qe5 26.Rd4 Rfd8 27.Red1 Re8 
28.R1d2 h5 29.Be2 h4 30.Nf1 Nh7 31.Nh2 f5 32.f4 Qc5 33.Nf1 Nf8 34.Rd6 
Qxe3+ 35.Nxe3 Ne6 36.Bh5 Red8 37.Rxd8+ Rxd8 38.Rxd8+ Nxd8 39.Nxf5 Ne6 40.
Ne7+ Kh7 41.Bg4 Nxf4 42.Nxc6 bxc6 43.Bf5+ g6 44.Bxe4 c5 45.Kf2 Kg7 46.Kf3 
g5 47.Ke3 Kf6 48.a3 a5 49.Bf3 Ke5 50.Be4 Ne6 51.Bd5 Nf4 52.Be4 Ne6 53.Bd5 
1/2-1/2

[Event "23rd EUR-ch"]
[Site "Vrnjacka Banja SRB"]
[Date "2023.03.06"]
[Round "4.67"]
[White "Tadic, Stefan"]
[Black "Djukic, Nikola"]
[Result "1/2-1/2"]
[WhiteElo "2353"]
[BlackElo "2514"]
[EventDate "2023.03.03"]
[PlyCount "87"]

1.d4 Nf6 2.Nf3 g6 3.Nc3 d5 4.Bf4 Bg7 5.Nb5 Na6 6.e3 O-O 7.h3 Ne4 8.Be2 c6 
9.Na3 Qb6 10.Qc1 Bf5 11.O-O Rac8 12.c3 c5 13.Rd1 Nb8 14.dxc5 Rxc5 15.Be5 
Bxe5 16.Nxe5 Nf6 17.b4 Rcc8 18.Qb2 Nc6 19.Nxc6 bxc6 20.c4 Rb8 21.cxd5 Nxd5
22.b5 Nc7 23.Qe5 Nxb5 24.Nxb5 cxb5 25.Qxe7 Rfe8 26.Qh4 Rbc8 27.Qb4 Re5 28.
a4 bxa4 29.Qxa4 a5 30.Bd3 Bxd3 31.Rxd3 Rec5 32.Rd7 Qf6 33.Ra2 Rc1+ 34.Kh2 
Qe5+ 35.Qf4 Qxf4+ 36.exf4 R1c2 37.Rxa5 Rxf2 38.Kg3 Rcc2 39.Ra8+ Kg7 40.
Raa7 Rxg2+ 41.Kf3 Rcf2+ 42.Ke3 Re2+ 43.Kf3 Ref2+ 44.Ke3 1/2-1/2

[Event "23rd EUR-ch"]
[Site "Vrnjacka Banja SRB"]
[Date "2023.03.06"]
[Round "4.68"]
[White "Halkias, Stelios"]
[Black "Arsovic, Zoran"]
[Result "1-0"]
[WhiteElo "2514"]
[BlackElo "2390"]
[EventDate "2023.03.03"]
[PlyCount "75"]

1.d4 Nf6 2.c4 c5 3.d5 g6 4.Nc3 d6 5.e4 Bg7 6.h3 O-O 7.Nf3 e6 8.Be3 exd5 9.
exd5 Na6 10.Be2 Re8 11.O-O Bf5 12.Bd3 Ne4 13.Nxe4 Bxe4 14.Bxe4 Rxe4 15.Qc2
Re8 16.a3 Nb8 17.Bg5 Qc7 18.Rae1 Nd7 19.Bd2 Ne5 20.Nxe5 Bxe5 21.Bc3 Bxc3 
22.Qxc3 Qd7 23.Qf6 Rxe1 24.Rxe1 Re8 25.Rxe8+ Qxe8 26.Qxd6 Qe1+ 27.Kh2 Qxf2
28.b4 b6 29.Qe5 h5 30.d6 f6 31.Qd5+ Kf8 32.d7 Qf4+ 33.Kh1 Qf1+ 34.Kh2 Qf4+
35.Kg1 Qe3+ 36.Kf1 Qc1+ 37.Kf2 Qc2+ 38.Kg3 1-0

[Event "23rd EUR-ch"]
[Site "Vrnjacka Banja SRB"]
[Date "2023.03.06"]
[Round "4.69"]
[White "Draskovic, Luka"]
[Black "Pasti, Aron"]
[Result "1/2-1/2"]
[WhiteElo "2510"]
[BlackElo "2378"]
[EventDate "2023.03.03"]
[PlyCount "74"]

1.c4 e5 2.g3 Nf6 3.Bg2 d5 4.cxd5 Nxd5 5.Nf3 Nc6 6.O-O Nb6 7.b3 Bd6 8.Bb2 
O-O 9.Nc3 Re8 10.d3 Bf8 11.Rc1 f6 12.Nd2 Nd4 13.e3 Ne6 14.Nc4 c6 15.Qh5 
Bd7 16.Rfd1 Ng5 17.Ne4 Nxe4 18.Bxe4 g6 19.Qe2 Qc8 20.Bg2 Bg4 21.f3 Be6 22.
Nd2 Nd7 23.Ne4 Qd8 24.d4 f5 25.Nf2 exd4 26.Bxd4 Qe7 27.e4 fxe4 28.Nxe4 Bd5
29.Qb2 Bxe4 30.fxe4 Ne5 31.Bxe5 Qxe5 32.Qxe5 Rxe5 33.Rd7 Re7 34.Rcd1 Rae8 
35.Kf1 Rxd7 36.Rxd7 Re7 37.Rxe7 Bxe7 1/2-1/2

[Event "23rd EUR-ch"]
[Site "Vrnjacka Banja SRB"]
[Date "2023.03.06"]
[Round "4.70"]
[White "Gadimbayli, Abdulla"]
[Black "Uskov, Artem"]
[Result "1/2-1/2"]
[WhiteElo "2507"]
[BlackElo "2373"]
[EventDate "2023.03.03"]
[PlyCount "50"]

1.e4 c5 2.Nf3 d6 3.Bb5+ Nd7 4.c4 a6 5.Ba4 Nf6 6.Nc3 g6 7.d3 Bg7 8.O-O O-O 
9.h3 Rb8 10.Rb1 Ne8 11.Be3 Nc7 12.d4 b5 13.Bb3 bxc4 14.Bxc4 Nb5 15.Ne2 
cxd4 16.Nexd4 Bb7 17.Bd5 Nc5 18.Nxb5 axb5 19.Bxb7 Rxb7 20.e5 Ne6 21.exd6 
Qxd6 22.Qxd6 exd6 23.Rfd1 Ra8 24.a3 b4 25.axb4 Rxb4 1/2-1/2